000
00278cam a22000977a 4500
008
180718b1962 xxu||||| |||| 00| 0 eng d
082
_a
K1064x73 F317
245
_a
Federal employees almanac
260
_a
Washington
_b
New Digest
_c
1962
650
_a
Personnel, Public - USA - Yearbooks
999
_c
365235
_d
365235